LIBRARY & INFORMATION CENTRE, KCAET, TAVANUR

ONLINE PUBLIC ACCESS CATALOGUE (OPAC)

Thermal processing of ready to eat meat products (Record no. 15516)

MARC details
000 -LEADER
fixed length control field 00386nam a22001457a 4500
003 - CONTROL NUMBER IDENTIFIER
control field OSt
008 - FIXED-LENGTH DATA ELEMENTS--GENERAL INFORMATION
fixed length control field 180829b ||||| |||| 00| 0 eng d
082 ## - DEWEY DECIMAL CLASSIFICATION NUMBER
Classification number 664.0282
Item number KNI/TH
100 ## - MAIN ENTRY--AUTHOR NAME
Personal name Knipe, C. Lynn
245 ## - TITLE STATEMENT
Title Thermal processing of ready to eat meat products
260 ## - PUBLICATION, DISTRIBUTION, ETC. (IMPRINT)
Place of publication New Delhi
Name of publisher Wiley blackwell
Year of publication c2010
300 ## - PHYSICAL DESCRIPTION
Number of Pages 237
700 ## - ADDED ENTRY--PERSONAL NAME
Personal name Rust, Robert .E
942 ## - ADDED ENTRY ELEMENTS (KOHA)
Koha item type Books
Holdings
Withdrawn status Lost status Damaged status Home library Current library Date acquired Full call number Accession Number Koha item type
      KAUAET KAUAET 29/08/2018 664.0282 KNI/TH 24882 Books
free website counter